| 000 | 00756 a2200253 4500 | ||
|---|---|---|---|
| 020 | _a0-07-038203-4 | ||
| 020 | _a0-07-116765-X | ||
| 040 |
_aDLC _bDLC |
||
| 082 | _a510.212 | ||
| 082 | _a510.212 | ||
| 100 | 1 | _aSpiegel, Murray R. | |
| 245 | 0 | 0 |
_aMathematical handbook of formulas and tables _cMurray R. Spiegel, John Liu |
| 250 | _a2. ed. | ||
| 260 |
_aNew York ; _aLondon : _bMcGraw-Hill, _c1999 |
||
| 300 |
_aviii, 278 s. : _bill. ; _c28 cm |
||
| 490 | 0 | _aSchaum's outline series | |
| 500 | _aRev. ed. of: Mathematical handbook of formulas and tables, by Murray R. Spiegel, 1968. | ||
| 650 | 7 | _aMathematics | |
| 650 | 7 | _aFormulae | |
| 650 | 7 | _aTables | |
| 700 | 1 | _aLiu, John | |
| 740 | 0 | _aFormulas and tables | |
| 942 |
_cBK _k510.212 SPI _2ddc |
||
| 999 |
_c7309 _d7309 |
||